000 00295nam a2200121Ia 4500
008 190216s9999||||xx |||||||||||||| ||und||
100 _aVaranasi S Murthy
245 0 _aCorporate Financial Management
260 _bTata Mcgrawhill Publishers
300 _a333p
650 _aCommerce
942 _cBK
999 _c4738
_d4738